Progressive Geography Test #6 - Statistics

General Stats
  • This quiz has been taken 1,572 times
  • The average score is 13 of 20
Answer Stats
Question Answer % Correct
What is the world's largest island? Greenland
100%
What is the capital of Ireland? Dublin
99%
What is the official language of the Netherlands? Dutch
99%
What is the smallest country in the world? Vatican City
99%
And what religious leader resides there? The Pope
98%
What reef is the world's largest living ecosystem? Great Barrier
90%
What peninsula is North Macedonia and Albania located on? Balkan
80%
What is the most common religion in India? Hinduism
77%
What city is also known as Krung Thep? Bangkok
68%
What is Nigeria's top export? Oil
61%
What is the tallest waterfall in the world? Angel Falls
56%
And in which country would you find it? Venezuela
55%
What country borders England to the West? Wales
54%
Which river runs through Stratford in England? Avon
46%
What animal is on the flag of California? Grizzly Bear
40%
What was the capital of West Germany? Bonn
38%
What strait separates Europe and Asia at Istanbul? Bosphorus
33%
What is the largest lake in Central America? Lake Nicaragua
29%
What city was formerly known as Canton? Guangzhou
26%
What political party has ruled South Africa since 1994? African National Congress
17%
No matching quizzes found
Score Distribution
Percent of People with Each Score
Percentile by Number Answered
Your Score History
You have not taken this quiz